| 000 | 00705nam a2200253 a 4500 | ||
|---|---|---|---|
| 005 | 20210219153534.0 | ||
| 008 | 991125n 000 0 u | ||
| 035 | _aUPN01000105353 | ||
| 100 | _aDavis, Barbara H. | ||
| 222 | _aSOCIAL EDUCATION | ||
| 245 | _aWriting-to-learn in elementary social studies | ||
| 300 | _a393-397 | ||
| 362 | _a56, No. 7, 1992 | ||
| 505 | _aSeptiembre 1993 | ||
| 653 | 0 | _aESCRITORES | |
| 653 | 0 | _aESTUDIOS SOCIALES | |
| 653 | 0 | _aINSTRUCCION PARA LA ESCRITURA | |
| 653 | 0 | _aLA ESCRITURA A TRAVES DEL CURRICULUM | |
| 653 | 0 | _aWRITING ASSIGNMENTS | |
| 700 | _aRooze, Gene E. | ||
| 700 | _aRunnels, Mary K. Tallent | ||
| 904 |
_aAC _b043164 |
||
| 905 | _aArticulo | ||
| 999 |
_c79449 _d79449 |
||